Click to Build the Contiguous United States - Sudden Death - Statistics

General Stats
  • This quiz has been taken 267 times
  • The average score is 28 of 49
Answers on the Map
Answers color-coded by a green-red scale on the quiz's map according to % correct below.
 
Answer Stats
Answer % Correct
Arizona
94%
Texas
83%
California
82%
Washington
82%
New Mexico
80%
Louisiana
78%
Nevada
77%
Maine
75%
Minnesota
68%
Idaho
65%
Oklahoma
65%
Utah
65%
Alabama
62%
Colorado
62%
Montana
60%
New Hampshire
59%
Michigan
57%
North Dakota
57%
Wisconsin
57%
New York
56%
Arkansas
54%
South Dakota
54%
Illinois
53%
Oregon
53%
Mississippi
52%
Wyoming
52%
Florida
51%
Georgia
51%
Kansas
51%
Kentucky
51%
Pennsylvania
51%
Indiana
50%
Iowa
50%
Missouri
50%
Nebraska
50%
South Carolina
50%
Tennessee
50%
Ohio
49%
Virginia
49%
North Carolina
48%
West Virginia
48%
Massachusetts
47%
Connecticut
46%
Maryland
46%
New Jersey
46%
Rhode Island
46%
Vermont
46%
Delaware
45%
Washington, DC
43%
No matching quizzes found
Score Distribution
Percent of People with Each Score
Percentile by Number Answered
Your Score History
You have not taken this quiz